Технико-экономический анализ вариантов разработки Северо-Соленинского месторождения; Проблемы геологии и освоения недр; Т. 2

Podrobná bibliografie
Parent link:Проблемы геологии и освоения недр: труды XXIII Международного симпозиума имени академика М. А. Усова студентов и молодых ученых, посвященного 120-летию со дня рождения академика К. И. Сатпаева, 120-летию со дня рождения профессора К. В. Радугина, Томск, 8-12 апреля 2019 г./ Национальный исследовательский Томский политехнический университет, Инженерная школа природных ресурсов ; гл. ред. А. С. Боев ; под ред. Е. Ю. Пасечник.— , 2019
Т. 2.— 2019.— [С. 640-641]
Hlavní autor: Кулакова М. Н.
Korporativní autor: Национальный исследовательский Томский политехнический университет
Další autoři: Кучерова В. М. (научный руководитель), Кочеткова О. П. Ольга Петровна
Shrnutí:Заглавие с экрана
Jazyk:ruština
Vydáno: 2019
Edice:Экономика минерального и углеводородного сырья. Горное право
Témata:
On-line přístup:http://earchive.tpu.ru/handle/11683/56387
Médium: MixedMaterials Elektronický zdroj Kapitola
KOHA link:https://koha.lib.tpu.ru/cgi-bin/koha/opac-detail.pl?biblionumber=630186

MARC

LEADER 00000naa2a2200000 4500
001 630186
005 20231102024438.0
035 |a (RuTPU)RU\TPU\conf\31089 
035 |a RU\TPU\conf\31087 
090 |a 630186 
100 |a 20191017d2019 k y0rusy50 ca 
101 0 |a rus 
102 |a RU 
105 |a y z 100zy 
135 |a drgn ---uucaa 
181 0 |a i  
182 0 |a b 
200 1 |a Технико-экономический анализ вариантов разработки Северо-Соленинского месторождения  |f М. Н. Кулакова, В. М. Кучерова  |g науч. рук. О. П. Кочеткова 
203 |a Текст  |c электронный 
225 1 |a Экономика минерального и углеводородного сырья. Горное право 
230 |a 1 компьютерный файл (pdf; 338 Kb) 
300 |a Заглавие с экрана 
320 |a [Библиогр.: с. 641 (4 назв.)] 
461 1 |0 (RuTPU)RU\TPU\conf\30471  |t Проблемы геологии и освоения недр  |o труды XXIII Международного симпозиума имени академика М. А. Усова студентов и молодых ученых, посвященного 120-летию со дня рождения академика К. И. Сатпаева, 120-летию со дня рождения профессора К. В. Радугина, Томск, 8-12 апреля 2019 г.  |o в 2 т.  |f Национальный исследовательский Томский политехнический университет, Инженерная школа природных ресурсов ; гл. ред. А. С. Боев ; под ред. Е. Ю. Пасечник  |d 2019 
463 1 |0 (RuTPU)RU\TPU\conf\30475  |t Т. 2  |v [С. 640-641]  |d 2019 
610 1 |a труды учёных ТПУ 
610 1 |a электронный ресурс 
610 1 |a технико-экономический анализ 
610 1 |a разработки 
610 1 |a нефтегазовые месторождения 
610 1 |a нефтегазовые залежи 
610 1 |a окупаемость 
610 1 |a проекты 
610 1 |a коммерческая эффективность 
700 1 |a Кулакова  |b М. Н. 
701 1 |a Кучерова  |b В. М. 
702 1 |a Кочеткова  |b О. П.  |c экономист  |c старший преподаватель Томского политехнического университета  |f 1974-  |g Ольга Петровна  |2 stltpush  |4 727 
712 0 2 |a Национальный исследовательский Томский политехнический университет  |c (2009- )  |2 stltpush  |3 (RuTPU)RU\TPU\col\15902  |9 26305 
801 2 |a RU  |b 63413507  |c 20191024  |g RCR 
856 4 |u http://earchive.tpu.ru/handle/11683/56387 
942 |c BK